00878 a2200181 45000010006000000050017000060080041000230030015000640400040000790800063001192450025001822640047002073000019002545050361002730410008006341000019006427000035006615432920260407155815.0260407a1970 arg spa dAR-UNSa-BCEJYS aAR-UNSa-BCEJYSbspacAR-UNSa-BCEJYS a316.3xEstructura social. La sociedad como sistema social 10aLibertad y necesidad 1aMéxico :bSiglo Veintiuno editoresc1970 a154 p.c18 cm. a1. El origen de la sociedad - 2. Economías aisladas - 3. Tierra y trabajo - 4. raza y clase - 5. Comercio y nacionalidad - 6. Expansión capitalista - 7. Intermedio de confusión - 8. La industria y el estado - 9. El nuevo mercantilismo - 10. Abundancia socialista - 11. Otro camino - 12. El tercer mundo - 13. Falsos profetas - 14. Ciencia y moralidad aspa1 aRobinson, Joan1 aGonzález Aramburu, Francisco